<?xml version="1.0" encoding="UTF-8"?>
<collection xmlns="http://www.loc.gov/MARC21/slim">
 <record>
  <leader>00298    a2200073   4500</leader>
  <datafield tag="100" ind1=" " ind2=" ">
   <subfield code="a">মেহেরুন্নেসা মেরী</subfield>
   <subfield code="9">60184</subfield>
  </datafield>
  <datafield tag="245" ind1=" " ind2=" ">
   <subfield code="a">বাংলাদেশের স্বাধীনতা সংগ্রাম ও নারী মুক্তিযোদ্ধা</subfield>
  </datafield>
  <datafield tag="942" ind1=" " ind2=" ">
   <subfield code="c">BK</subfield>
  </datafield>
  <datafield tag="999" ind1=" " ind2=" ">
   <subfield code="c">47713</subfield>
   <subfield code="d">47713</subfield>
  </datafield>
 </record>
</collection>
